Finance accounts, Union Government, 2017-18 (Record no. 510149)
[ view plain ]
| 000 -LEADER | |
|---|---|
| fixed length control field | 00549cam a22001457a 4500 |
| 008 - FIXED-LENGTH DATA ELEMENTS--GENERAL INFORMATION | |
| fixed length control field | 180718b-- xxu||||| |||| 00| 0 eng d |
| 082 ## - DEWEY DECIMAL CLASSIFICATION NUMBER | |
| Classification number | L806x54 F/2017-18 |
| 245 ## - TITLE STATEMENT | |
| Title | Finance accounts, Union Government, 2017-18 |
| 260 ## - PUBLICATION, DISTRIBUTION, ETC. (IMPRINT) | |
| Place of publication, distribution, etc | Delhi |
| Name of publisher, distributor, etc | The Controller of Publications |
| Date of publication, distribution, etc | 2018 |
| 300 ## - PHYSICAL DESCRIPTION | |
| Extent | 555p. |
| 500 ## - GENERAL NOTE | |
| General note | Library has 1991/92-2003/04, 2005/06-2007/08, 2009/10, 2017/2018 |
| 650 ## - SUBJECT ADDED ENTRY--TOPICAL TERM | |
| Topical term or geographic name as entry element | Finance, Public - Auditing - India |
| 9 (RLIN) | 7550 |
| 700 ## - ADDED ENTRY--PERSONAL NAME | |
| Personal name | India. Ministry of Finance. Department of Expenditure. Controller General of Accounts |
| 9 (RLIN) | 7551 |
| 942 ## - ADDED ENTRY ELEMENTS (KOHA) | |
| Source of classification or shelving scheme | |
No items available.
